[Event "Bad Zwesten op 9th"]
[Site "Bad Zwesten"]
[Date "2005.01.05"]
[Round "5"]
[White "Klamp, Christoph"]
[Black "Borchardt, Frank"]
[Result "0-1"]
[WhiteElo "2134"]
[BlackElo "1861"]
[PlyCount "58"]
[EventDate "2005.01.02"]
[EventType "swiss"]
[EventRounds "9"]
[EventCountry "GER"]
[SourceTitle "CBM 104 Extra"]
[Source "ChessBase"]
[SourceDate "2005.03.01"]
[SourceVersion "1"]
[SourceVersionDate "2005.03.01"]
[SourceQuality "1"]

1. e4 Nf6 2. d3 e5 3. f4 Nc6 4. Nf3 d5 5. fxe5 dxe4 6. exf6 exf3 7. Qxf3 Nd4 8. Qe4+ Be6 9. fxg7 Bxg7 10. Na3 0-0 11. Be3 Bd5 12. Qf4 Ne6 13. Qg3 f5 14. Bh6 f4 15. Qg4 Qf6 16. Bxg7 Nxg7 17. 0-0-0 Bxa2 18. Be2 Rac8 19. Nc4 b5 20. Nd2 Bf7 21. Bf3 Qa6 22. Ne4 Qa1+ 23. Kd2 Qxb2 24. Rb1 Qe5 25. Qh4 Bg6 26. Rhe1 b4 27. Ke2 Nf5 28. Qf2 Ne3 29. Rec1 c5 0-1